Construire les Etats au Moyen Orient (cycle 3) - Statistiques

Statistiques générales
  • Ce quiz a été pris 34 fois
  • Le résultat moyen est 7 sur 23
Statistiques - réponses
Hint Réponse % Correct
Révolution iranienne 1979
93%
Guerre Iran-Irak 1980-1988
87%
Arrivée au pouvoir de Sadate 1970
80%
Assassinat de Sadate 1981
53%
Accords d'Oslo (reconnaissance d'Israël par la LEA + question palestinienne) 1993
53%
Manifs place Tahrir + démission Moubarak 2011
53%
Insurrection au Kurdistan iranien 1979-1984
40%
Reprise héréditaire du pouvoir par Bashar Al-Assad 2000
33%
Emeutes de la faim (Egypte) 2008
33%
Journal accuse Khomeini d'être un agent britannique homosexuel + vendredi noir 1978
27%
Bases américaines en Arabie Saoudite (Desert Storm) 1991
27%
Fondation de l'AKP (parti islamo-conservateur) par Erdogan 2001
27%
Rifaat Al-Assad fait bombarder Hama 1982
20%
Lancement Al Jazeera 1996
20%
Memorandum (coup d'Etat) du Conseil de sécurité contre Erbakan (Turquie) 1997
20%
CENTCOM (commandement interarmées) depuis 1983
20%
Commando des Frères Musulmans tue 80 étudiants à Alep (Syrie) 1979
13%
Fondation Al Qaida 1987
13%
Elections libres en Irak post chute de Saddam 2005
13%
Attentat à Louxor 1997
7%
Mouvement Kifâya (Egypte) 2004
7%
Frères Musulmans deviennent un parti en Jordanie 1989
0%
Election d'Erbakan en Turquie 1995
0%
Aucun quiz correspondant
Distribution des résultats
% des personnes avec chaque résultat
Percentile par nombre de réponses
Votre historique - résultats
Vous n’avez pas pris ce quiz